000 00269nam a22001217a 4500
008 180813b xxu||||| |||| 00| 0 eng d
041 _aeng
080 _a575
100 _a5
101 _aBIO
245 _aPrinciples of Biochemistry
_cLehninger,A.L
942 _2udc
_cBK
999 _c47041
_d47041